Meri Na-Tamam Muhabbat / (Record no. 614172)

000 -LEADER
fixed length control field 00584nam a22001817a 4500
020 ## - INTERNATIONAL STANDARD BOOK NUMBER
International Standard Book Number 9789693501193
082 ## - DEWEY DECIMAL CLASSIFICATION NUMBER
Classification number 891.4393
Author Mark ALI
100 ## - MAIN ENTRY--PERSONAL NAME
Personal name Ali,Hijab Imtiaz
245 ## - TITLE STATEMENT
Title Meri Na-Tamam Muhabbat /
Statement of responsibility, etc. Hijab Imtiaz Ali
260 ## - PUBLICATION, DISTRIBUTION, ETC.
Place of publication, distribution, etc. lahore:
Name of publisher, distributor, etc. Sang e meel publication ,
Date of publication, distribution, etc. 2011.
300 ## - PHYSICAL DESCRIPTION
Extent 126 p.
Dimensions 25cm.
504 ## - BIBLIOGRAPHY, ETC. NOTE
Bibliography, etc. note HB
650 ## - SUBJECT ADDED ENTRY--TOPICAL TERM
Topical term or geographic name entry element Afsana
880 ## - ALTERNATE GRAPHIC REPRESENTATION
Linkage 100-01\(3\r
Title حجاب امتیاز علی/
880 ## - ALTERNATE GRAPHIC REPRESENTATION
Linkage 245-02\(3\r
Title میری ناتمام محبت/
880 ## - ALTERNATE GRAPHIC REPRESENTATION
Linkage 260-03\(3\r
Title لاہور;
b سنگِ میل پبلیکیشنز,
c 2011
942 ## - ADDED ENTRY ELEMENTS (KOHA)
Source of classification or shelving scheme
Koha item type Book
650 ## - SUBJECT ADDED ENTRY--TOPICAL TERM
-- 129539
Holdings
Withdrawn status Lost status Source of classification or shelving scheme Damaged status Not for loan Permanent Location Current Location Date acquired Total Checkouts Full call number Barcode Date last seen Price effective from Koha item type
          Central Library (CL) Central Library (CL) 07/09/2025   891.4393 ALI CL-D-2914 07/09/2025 07/09/2025 Book
© 2023 Central Library, National University of Sciences and Technology. All Rights Reserved.